| 000 | 00557nam a2200181Ia 4500 | ||
|---|---|---|---|
| 999 |
_c1627 _d1627 |
||
| 003 | OSt | ||
| 005 | 20201001100107.0 | ||
| 008 | 190216s9999||||xx |||||||||||||| ||und|| | ||
| 020 | _a9788179921937 | ||
| 040 | _coclc | ||
| 082 |
_a660.603 _bSTE/D |
||
| 100 |
_aSteinberg, Mark L _95251 |
||
| 245 | 0 |
_aDictionary Of Biotechnology And Genetic Engineering / _cMark L Steinberg ; S D Cosloy |
|
| 260 |
_bJaico Publishing House, _aMumbai: _c2003. |
||
| 300 | _a228p | ||
| 650 | _aBotany | ||
| 942 |
_cBK _2ddc _h660.603 _iSTE/D _k660.603 _mSTE/D |
||